000 00435nam a2200181 a 4500
001 BRCA_6707
005 20190320205548.0
008 181011s1917----gw-#######---#000-0#ger-#
041 _ager
044 _agw
050 4 _aPT2613
_b.I63 J8
_c1921
245 1 0 _aJuernjakob Swehn
_bder Amerikafather
_cJohannes Gillhoff.
260 _aBerlĂ­n
_bDom
_c1921
300 _a294 p.
_c20 cm.
500 _aI88
902 _aGFM
942 _2lcc
_cB
999 _c6390
_d6390